LEADER 03092nam0 22004573i 450 001 VAN00081714 005 20260116123639.111 012 $2fei$ae.e. m.on uost l.vs (3) 1575 (R)$5VAN 100 $a20110131d1574 |0itac50 ba 101 $alat$aGRC 102 $aIT 140 $a||||||||| ||||||||| 181 $ai$b e 182 $an 183 $anc 200 1 $aDigestum vetus seu Pandectarum iuris ciuilis tomus primus cum pandectis Florentinis ... Commentarijs Accursii, et multorum insuper aliorum iurisconsultorum tam veterum, quam neotericorum, praecipue autem Antonii Persii scholijs, atque obseruationibus illustratus 205 $aEditio postrema 210 $aVenetiis$c[Francesco De Franceschi$cGaspare Bindoni il vecchio$ceredi di Niccolò Bevilacqua$cDamiano Zenaro]$d1575$e1574 215 $a[172], 1493 [i.e. 1509] p., [1] carte di tav. ripiegate$d4° 300 $aCarta 2c3r erroneamente numerata 1493; bianche le carte 3k8 a8 e 2c4; testo su due colonne; segnatura: 3a-3k?, a-z? A-2Z?, ²A-2Z?, 2a-2b? 2c?; iniziali ornate; frontespizio stampato in rosso e nero 300 $aBianca l'ultima carta 316 $aEsemplare con frontespizio di altra edizione della stessa opera: Venetiis, apud Iuntas, 1592. - Volume legato in mezza pelle. - Sul dorso tit. impresso in oro. - Tagli colorati di rosso. - Macchie di umidità.$5IT-IT-CE0105 LAURIABL.500.25 500 1$3VAN00083981$aCorpus iuris civilis. Digesta$92982002 620 $dVenezia$3VANL000080 700 0$aAccursius$3VANV061091$0241576 702 1$aPersio$bAntonio$f1542-1612$3VANV061092 712 02$aDe Franceschi, Francesco & Bindoni, Gaspare <1.> & Bevilacqua, Niccolò$3VANV083931 790 1$aAccursius, Franciscus$zAccursius$3VANV083933 790 1$aAccorsio, Francesco$zAccursius$3VANV083934 790 0$aAccursio$zAccursius$3VANV083936 790 1$aAccursio, Francesco d'$zAccursius$3VANV083935 801 $aIT$bSOL$c20260130$gRICA 856 $d/sebina/catalogazione/showImage.do?fname=Z1214.jpg&path=IMG&p=false&f=big$zZ1214.jpg 856 4 $u/sebina/repository/catalogazione/documenti/BL.500.25_ok.pdf$zBL.500.25_ok.pdf 856 4 $uhttps://www.vdl.unicampania.it/handle/20.500.14011/815$zVANVITELLI DIGITAL LIBRARY 899 $aBIBLIOTECA DEL DIPARTIMENTO DI GIURISPRUDENZA$1IT-CE0105$2VAN00 912 $aVAN00081714 921 $aVAN00000031$bMarca composita con i simboli degli editori costituenti la società: Pace (dé Franceschi); Occhio (Bindoni), Pazienza (Bevilacqua), Salamandra (Zenaro).$cT46$cZ1214$dSul frontespizio.$fFSGBNBDZ$fPAZIENZA$fOCCHIO$fPACE$fSALAMANDRA 950 $aBIBLIOTECA DEL DIPARTIMENTO DI GIURISPRUDENZA$d00LAURIA BL.500. 25 $e00BL 3632 20181012 Esemplare con frontespizio di altra edizione della stessa opera: Venetiis, apud Iuntas, 1592. - Volume legato in mezza pelle. - Sul dorso tit. impresso in oro. - Tagli colorati di rosso. - Macchie di umidità. 996 $aCorpus iuris civilis. Digesta$92982002 997 $aUNICAMPANIA